[Event "40th Olympiad 2012 Open1"]
[Site "Istanbul"]
[Date "2012.09.06"]
[Round "9"]
[White "Ivanchuk, Vassily"]
[Black "Vachier-Lagrave, Maxime"]
[Result "1-0"]
[WhiteElo "2769"]
[BlackElo "2686"]
[Annotator "Ñåðãåé Øèïîâ"]
[PlyCount "71"]
[EventDate "2012.??.??"]
[EventCountry "TUR"]
[WhiteTeam "Ukraine"]
[BlackTeam "Frankreich"]
[WhiteTeamCountry "UKR"]
[BlackTeamCountry "FRA"]

{Óêðàèíöû, êàê è îæèäàëîñü, âîññòàëè èç ïåïëà. Êðåïêèå ôðàíöóçñêèå ïàðíè
íè÷åãî íå ñìîãëè èì ïðîòèâîïîñòàâèòü. Ïîðàäîâàë òâîð÷åñêîé èãðîé ñàìûé
õàðèçìàòè÷íûé øàõìàòèñò Îëèìïèàäû.} 1. Nf3 c5 2. e4 d6 3. d4 cxd4 4. Nxd4 Nf6
5. Nc3 a6 6. Bg5 e6 7. f4 Qc7 8. Bxf6 gxf6 9. Qd2 b5 10. Bd3 Bb7 11. O-O Nc6
12. Nb3 h5 13. Kh1 h4 14. h3 Be7 15. Rae1 {} b4 {
Ìàêñèì áóêâàëüíî âûíóæäàåò ñîïåðíèêà àòàêîâàòü. È òîò íå ïðåìèíóë.} 16. Nd5 $1
{Æåðòâà â ñòèëå Òàëÿ. Ñìåëàÿ è âîâñå íå î÷åâèäíàÿ.} exd5 17. exd5 Na7 18. Nd4
$1 {Ñóòü ïîçèöèè íå â êîíêðåòíûõ ÿðêèõ âàðèàíòàõ, à â òîì, ÷òî ÷åðíûé êîðîëü
íå èìååò êîìôîðòíîãî óáåæèùà, ïîýòîìó áåëûå ìîãóò ñïîêîéíî è ìåòîäè÷íî
íàðàùèâàòü äàâëåíèå.} Bxd5 19. Nf5 Nc6 ({Èìåëî ñìûñë} 19... Nc8 {, íàïðèìåð,}
20. Be4 Bxe4 21. Rxe4 Ra7 22. Rfe1 Qc5 $1) 20. Be4 $1 Bxe4 21. Rxe4 { Òåïåðü ð
àññòàíîâêà ñ ëàäüåé íà a7 íå ñïàñàåò. Çàòî åñòü äðóãàÿ íàäåæíàÿ èäåÿ...} Kf8 $2
{Øàã ê ïðîïàñòè.} ({Ñòîèëî ñîçäàòü êðåïêóþ êîíñòðóêöèþ ïóòåì} 21... Rd8 $1
22. Rfe1 Rd7 {, ÷òîáû â ñëó÷àå} 23. Qe2 {
îòïðàâèòü êîðîëÿ íå íà êîðîëåâñêèé, à íà ôåðçåâûé ôëàíã:} d5 24. Re3 Kd8 $1)
22. Rfe1 Re8 23. Qe2 $1 Rh7 {Åäèíñòâåííûé ñïîñîá ñðàçó íå ïîëó÷èòü ìàò.} 24.
Qg4 d5 ({Óïîðíåå} 24... Qd7 $1 {, íàïðèìåð,} 25. g3 Nd8 (25... hxg3 $2 26. Rg1)
26. Nxe7 ({îòñóòñòâèå ïåøêè íà d5 ñêàçûâàåòñÿ â êëþ÷åâîì âàðèàíòå} 26. gxh4
Ne6 27. Rxe6 fxe6 28. Rg1 Qc6+ $1 29. Kh2 Qxc2+ 30. Kh1 Qc6+ {ñ âå÷íûì øàõîì})
26... Qxg4 27. hxg4 hxg3+ 28. Kg2 Ne6 29. Nd5 Kg7 {
ñ êîíòðèãðîé ïî âåðòèêàëè «h»}) 25. R4e2 Qb6 ({Òåïåðü óæå áåñïëîäíî} 25...
Qd7 26. g3 Nd8 27. gxh4 Ne6 28. Rxe6 Qxe6 (28... fxe6 29. Rg1) 29. Rxe6 fxe6
30. Qg6 $18 {.}) 26. g3 $1 { Âñêðûòèå âåðòèêàëè «g» çàâåðøàåò èãðó.} Nd4 ({
Èëè} 26... hxg3 27. Qxg3 Rd8 28. Rg2 $1 $18 {.}) 27. Nxe7 Nxe2 28. Qg8+ Kxe7
29. Rxe2+ Kd6 30. Rxe8 hxg3 31. Qf8+ $1 {Åäèíñòâåííûé ïóòü ê öåëè.} ({
Ôàëüøèâîé íîòîé ñòàëî áû} 31. Rd8+ $2 Kc7 $1 32. Rc8+ Kd6 33. Qf8+ Ke6 $1)
31... Kc6 32. Rc8+ Kd7 33. Qe8+ $1 Kd6 34. Rd8+ Kc5 35. Qe3+ Kc6 36. Rd6+ $1 {
ßðêèé ôèíàë ïðåâîñõîäíîé ïàðòèè. Áðàâî! 1-0} 1-0

[Event "40th Olympiad 2012 Women1"]
[Site "Istanbul"]
[Date "2012.09.06"]
[Round "9"]
[White "Kosteniuk, Alexandra"]
[Black "Soumya, Swaminathan"]
[Result "1-0"]
[WhiteElo "2489"]
[BlackElo "2271"]
[Annotator "Ñåðãåé Øèïîâ"]
[PlyCount "59"]
[EventDate "2012.??.??"]
[EventCountry "TUR"]
[WhiteTeam "Russland"]
[BlackTeam "Indien"]
[WhiteTeamCountry "RUS"]
[BlackTeamCountry "IND"]

1. e4 c6 2. d4 d5 3. e5 Bf5 4. Nf3 e6 5. Be2 c5 6. c3 Nc6 7. O-O cxd4 8. Nxd4
Nxd4 9. cxd4 Ne7 10. Nc3 Nc6 11. g4 Bg6 12. f4 Qd7 { Êîãäà äåáþò èçó÷åí
âäîëü è ïîïåð¸ê, êîãäà çíàåøü êëþ÷åâûå èäåè è ïîìíèøü íåêîòîðûå âàðèàíòû,
àòàêîâàòü ëåãêî è ïðèÿòíî.} 13. f5 $1 exf5 14. h4 $1 fxg4 ({
Ê èíòåðåñíåéøèì îñëîæíåíèÿì âåëî} 14... h6 15. h5 Bh7 16. gxf5 Bxf5 17. Rxf5
Qxf5 18. Bg4 Qh7 19. Nxd5 Qe4 $1 (19... Rd8 $2 20. Nc7+ Ke7 21. d5 Nxe5 22. Qe1
$1 Kf6 23. Qf2+ Ke7 24. Qe3 $18) 20. Nc7+ Kd8 21. Nxa8 Nxd4 {
, è çäåñü ... ïóòè ê ïîáåäå áåëûõ íå âèäíî}) ({Ïîýòîìó íà} 14... h6 {
ðåêîìåíäóþ ïðîñòîå} 15. Bd3 $1 {ñ ñèëüíîé èíèöèàòèâîé. Òàê íà} fxg4 {åñòü} 16.
Bxg6 fxg6 17. e6 $1) 15. Bxg4 Qd8 ({Êîìïüþòåð ðåêîìåíäóåò} 15... Qc7 {
, íî ñàì æå îòìå÷àåò, ÷òî ðàâåíñòâà ó ÷åðíûõ íåò:} 16. h5 Be4 17. Nxe4 dxe4
18. Qc2 $1 Rd8 19. Be3 {, è áåëûå áåðóò ôåðçåì íà e4.}) 16. h5 Qh4 17. Kg2 Be4+
18. Nxe4 dxe4 {} 19. Bf4 ({Åùå æåñò÷å} 19. Rf4 $1 {, íàïðèìåð,} Qd8 20. d5 $1
Nxe5 21. Qa4+ Ke7 (21... Nd7 22. Rxe4+ Be7 23. d6) 22. Rxe4 Qd6 (22... f6 23.
Rxe5+) 23. Bg5+ f6 24. Rxe5+ Qxe5 25. Qd7#) 19... Rd8 $1 {
Òåïåðü íà Ìàðñå ïîÿâèëàñü æèçíü.} 20. Bg3 Qg5 21. Qb3 ({Ê ïîáåäå âåëî è} 21. d5
$1 Be7 22. d6 Nxe5 23. Rf5 {, íî ýòî áûëî íåïîäúåìíî çà äîñêîé.}) 21... Rxd4
22. Qxf7+ Kd8 23. Qe6 Kc7 {} 24. Rad1 {Ïîìàðêà.} ({Ïðàâèëüíî áûëî íà÷èíàòü ñ
} 24. Rf7+ $1) 24... Bc5 $2 {Ïîñëåäíèé ïðîìàõ.} ({Ïîñëå ïðàâèëüíîãî} 24... Rxd1
$1 25. Rxd1 Bc5 {íà Êðàñíîé ïëàíåòå çàöâåòàëè ïàëüìû.}) 25. Rf7+ Kb8 ({Èëè} 
25... Kb6 26. Rxd4 Bxd4 27. Qb3+) 26. Rxd4 Bxd4 27. Qd7 Qd2+ 28. Kh3 Qxb2 29.
Qc7+ Ka8 30. Bc8 $1 1-0